000 00881nam a2200265 a 4500
001 BRL_786
005 20190320210909.0
008 071013s1966----sp-ad#####---#000-0#spa-#
041 _aspa
044 _asp
050 4 _aS591
_b.G76 1966
100 1 _aGros, André
_924942
245 1 0 _aAbonos
_bGuía práctica de la fertilización
_cpor André Gros ; Prólogo de Jean Lefévre ; Traducida por el Ingeniero Agrónomo Ramón Olalquiaga Soriano.
250 _a3a ed.
260 _aMadrid
_bEdiciones Mundi-Prensa
_c1966
300 _a397 p.
_bil.
_c22 cm.
500 _aAu864
500 _aTraducción de: Engrais : guide pratique de la fertilisation.
650 1 4 _aFertilización
_vManuales
_xSuelos
_924943
650 1 4 _aAgricultura
_924944
700 1 _aLefévre, Jean
_epról.
_924945
700 1 _aOlalquiaga Soriano, Ramón
_etr.
_924946
902 _aGRL
942 _2lcc
_cB
999 _c9598
_d9598